00925nab a2200205 4500003001000000005001700010008004100027040001400068041000800082100004600090245008500136260003500221300001200256500023300268650002800501650002700529650003100556650003900587773009300626AR-RoBPED20260429095552.0260429b |||||||| |||| 00| 0 spa d aAR-RoBPED aspa1 aAntilef, Lorena F.eProfesora en Historia13aUn proyecto de articulación y de trabajo colectivo. bRevista "Nuestra EPJA" / aBuenos Aires :bNoveduc,c2023 a8-10 p. aEn este texto se comenta un proyecto que se lleva adelante desde 2018 en una escuela secundaria de la modalidad Educación Permanente de Jóvenes y Adultos (EPJA) localizada en la ciudad de Trelew, en la provincia del Chubut.  7aPROYECTOS EDUCACIONALES 7aEXPERIENCIA PEDAGOGICA 7aEVALUACION DEL APRENDIZAJE 0aEDUCACIÓN DE JÓVENES Y ADULTOS0 020414dBuenos Aires : Noveduc, 1993-tNovedades Educativasw(AR-RoBPED)20414x03283534